Quizzes
Events
Quiz Creation
Community
Videos
Private Events
Remove Ads
Sign In
Join for FREE
Feedback
Dark Mode
Quiz Categories
Sports
Geography
Music
Movies
Television
Just For Fun
Miscellaneous
History
Literature
Language
Science
Gaming
Entertainment
Religion
Holiday
For Kids
Quiz Lab
Recent
Popular Today
Quiz Kudos Today
Editor Picks
Curator Picks
Quizzes by...
Day
Popularity
Type
Ratings
Length
Year
Community
Subscriptions
Recent Discussions
Orange Saloon
Badges
Playlists
Quests
Create
Leaderboards
Showdown
Live 5
Trivia Bingo
Activity
Puzzle Library
Sporcle Events
Private Events
Virtual Trivia
Globe League
Become a Host
Pub Owners
SporcleCon
Opinionation
Our Games
Videos
Blog
Mobile Apps
Partnerships
Remove Ads and Go Orange
Feedback
Geography
Country
Landmarks
City
State
Population
World
Capital
Continent
Flags
Europe
Africa
Asia
South America
North America
Oceania
Border
Canada
United Kingdom
Topography
United States
Geography
Country
Landmarks
City
State
Population
World
Capital
Continent
Flags
Europe
Africa
Asia
South America
North America
Oceania
Border
Canada
United Kingdom
Topography
United States
Random Quiz
Search Sporcle
×
Quiz Lab
Quiz Lab
Geography
Country
Type in answers that appear in a list
Type in answers that appear in a list
Classic
Best Score? Go Orange.
Independence from UK Stats
Can you name the countries who have gained full independance from the UK?
By
andrewfleming
10m
61 Questions
83 Plays
83 Plays
83 Plays
Comments
Comments
Give Quiz Kudos
Give Quiz Kudos
-
- Ratings
hide this ad
Replay
Link that replays current quiz
Next Quiz
Link to next quiz in quiz playlist
You Got
0%
They Got
Avg Score
70%
Avg Friend Score
Upgrade to see
Score Distribution
Jump to the score distribution portion of the page
Score
0/61
Timer
10:00
0
Plays Today
Hint
Answer
% Correct
USA
96.4%
Canada
94%
India
94%
Australia
92.8%
New Zealand
89.2%
South Africa
89.2%
Egypt
85.5%
Ireland
84.3%
Jamaica
81.9%
Belize
79.5%
Bahamas
78.3%
Kenya
78.3%
Sri Lanka
78.3%
Trinidad and Tobago
77.1%
Fiji
77.1%
Zimbabwe
75.9%
Nigeria
75.9%
Barbados
74.7%
Sudan
74.7%
Uganda
74.7%
Ghana
74.7%
Grenada
73.5%
Tanzania
73.5%
Iraq
73.5%
Malaysia
73.5%
Israel
72.3%
Malta
71.1%
Dominica
71.1%
Zambia
71.1%
Tuvalu
71.1%
Botswana
69.9%
Hint
Answer
% Correct
Yemen
69.9%
UAE
69.9%
Lesotho
68.7%
Jordan
68.7%
Kuwait
67.5%
Qatar
67.5%
Vanuatu
67.5%
Solomon Islands
67.5%
Antigua and Barbuda
66.3%
Bahrain
66.3%
Singapore
66.3%
Tonga
66.3%
Cyprus
65.1%
Guyana
65.1%
Swaziland
65.1%
Maldives
65.1%
Kiribati
65.1%
Mauritius
63.9%
Seychelles
62.7%
The Gambia
61.4%
Myanmar
61.4%
Nauru
61.4%
Brunei
59%
Sierra Leone
56.6%
Malawi
55.4%
Saint Kitts and Nevis
44.6%
Saint Vincent and the Grenadinee
44.6%
Saint Lucia
43.4%
Papua New Guinea
37.3%
Dominican Republic
34.9%
Quiz Playlist
Details
Report
Send in Message
Add To Playlist
Classic:
Type in answers that appear in a list
Last Updated: Mar 21, 2017
Quiz Scoreboard
CHALLENGE
Sign Up to Join the Scoreboard
Show All
Scores
Hide
Comments
May contain spoilers
Recently Published
Movies - When Are They Set?
by FPL_Elf
Movies
5m
Popular People in 1961
by mucciniale
History
6m
1-10 Letter E Words III
by El_Dandy
Language
2m
More to Explore
Quiz From the Vault
Featured Blog Post
Where Did the Easter Bunny Come From?
hide this ad
You Might Also Like...
Tags
Country Quiz
full
Gained
independence
Today's Top Quizzes in Geography
Browse Geography
hide this ad
Today's Top Quizzes in Country
Browse Country
Top Contributed Quizzes in Geography
1
Countries of the World - No Outlines Minefield
2
Top 25 Cities of France on a map
3
Closest Countries to UK A-Z
4
African Flag Reveal XLV
5
Blind Ultimate Minefield: USA
6
One Thing in Common: United Kingdom
7
Blind Secret Country CLXXXVIII
8
One Thing in Common: Asia
9
Find the US States - No Outlines
10
One Thing in Common: Geography
Explore More
Trending Topics
Anime
Kpop
NBA
Harry Potter
Crossword
Marvel
Disney
Soccer
NFL
WWE
Pokémon
Song
Puzzle
Country
The Office
hide this ad
More By:
andrewfleming
Quiz
Plays
Rating
Category
Featured
Created
15 to 1 (Geography)
929
1.33
Geography
Mar 12, 2017
Game of thrones character list
561
2.17
Television
Jun 27, 2017
Game of Thrones every character
402
1.83
Television
Jun 23, 2017
12 Angry Men (Not guilty to guilty)
329
Movies
Mar 15, 2017
Countries that no longer exist
279
4.86
Geography
Apr 12, 2017
Go to Creator's Profile
Score Distribution
Quiz Creator Spotlight
andrewfleming
Follow
Send a Message
Quizzes Created
-
Created Quiz Play Count
-
More By This Creator
Popular Quizzes Today
1
Find the US States - No Outlines Minefield
2
Find the Countries of Europe - No Outlines Minefield
3
The Countries of the World
4
Popular People in 1961
5
1-10 Letter E Words III
6
US States
7
Find the US States
8
One Thing in Common: World Cities II
More Geography Quizzes
Every City in Washington (2020)
Quiz Lab
Trending Quizzes
Risky Map Clicking: Least Populous States A-Z
1-10 Letter F Words
1-10 Letter G Words
One Thing in Common: United Kingdom
Risky Map Clicking: Next State Alphabetically
Recently Updated
Leaping Animals
pecheneg
Reality TV Shows (A-Z)
bhenderson79
Rickey Henderson's Hall of Fame Teammates
pecheneg
Champions League XIs: Arsenal
pecheneg
Quick Pick: Celebrities in WWE's Hall of Fame
aduchscher
A-Z Keypad Blitz II
pecheneg
Multiple Oscar Actors
pecheneg
Mystery Phrase Blitz: Oscar 'Best Actors'
pecheneg
F. Scott Fitzgerald Novels
LTH
Pick 3 Villains
ddd62291
Trending Topics
Marvel
Crossword
Harry Potter
NBA
Disney
Kpop
Anime
Pokémon
Soccer
WWE
Puzzle
Country
Song
NFL
The Office
Your Account Isn't Verified!
In order to create a playlist on Sporcle, you need to verify the email address you used during registration. Go to your
Sporcle Settings
to finish the process.
Report this User
Report this user for behavior that violates our
Community Guidelines
.
Details:
Send Report
Go to the Sporcle.com Mobile Site →
Comments